000 00516nam a2200205Ia 4500
003 OSt
005 20220924133122.0
006 a|||||r|||| 00| 0
007 ta
008 220923b |||||||| |||| 00| 0 tam d
024 _a257821
037 _cTextual
040 _aARTS
_cARTS
_btam
041 _2tam
_atam
082 _aV211,64:Z2, 31K3
245 0 _aChennai
_b 1958 m varushaththiya chattamum 1960
260 _c1963
942 _hV211,64:Z2, 31K3
_cTEXL
_2CC
999 _c432698
_d432698